[Event "Solett Open"]
[Site "Skelleftea SWE"]
[Date "2001.04.12"]
[Round "4"]
[White "Rustemov,A"]
[Black "Gausel,E"]
[Result "1/2-1/2"]
[WhiteElo "2625"]
[BlackElo "2480"]

1.Nf3 d5 2.g3 c6 3.Bg2 Bg4 4.b3 Nd7 5.Bb2 Ngf6 6.d3 e6 7.Nbd2 a5 8.a3 Bc5
9.O-O O-O 10.h3 Bh5 11.e4 b5 12.Qe2 Qb6 13.Rae1 Rac8 14.Kh1 Qa7 15.g4 dxe4
16.Nxe4 Nxe4 17.Qxe4 Bg6 18.Qe2 Rfe8 19.h4 f6 20.h5 Bf7 21.Nd2 h6 22.Ne4 e5
23.Qd2 b4 24.Nxc5 Qxc5 25.axb4 axb4 26.d4 Qd6 27.Re2 exd4 28.Qxd4  1/2-1/2

[Event "Osteropen"]
[Site "Essen-Borbeck GER"]
[Date "2001.04.13"]
[Round "4"]
[White "Landau,C"]
[Black "Hirsch,S"]
[Result "1/2-1/2"]
[WhiteElo "2129"]
[BlackElo "2237"]

1.Nf3 d5 2.g3 Nf6 3.Bg2 c6 4.O-O Bg4 5.b3 Nbd7 6.Bb2 e6 7.d3 Bd6 8.Nbd2 O-O
9.h3 Bh5 10.e4 e5 11.Re1 Re8 12.a3 a5 13.Nf1 dxe4 14.dxe4 Nc5 15.g4 Bg6 16.N3d2 Bc7
17.Ng3 Ne6 18.Nc4 Nf4 19.Nf5 h5 20.Qf3 hxg4 21.hxg4 Bxf5 22.gxf5 b5 23.Rad1 Qe7
24.Ne3 Rad8 25.Bf1 Nh7 26.Ng4 Ng5 27.Qh1 Ngh3+ 28.Bxh3 Qh4 29.Kf1 Nxh3 30.f3 Qg3
31.Qg2 Qxg2+ 32.Kxg2 Nf4+ 33.Kf1  1/2-1/2

[Event "Open"]
[Site "Metz FRA"]
[Date "2001.04.13"]
[Round "7"]
[White "Drasko,M"]
[Black "Sprenger,J"]
[Result "1/2-1/2"]
[WhiteElo "2521"]
[BlackElo "2326"]

1.Nf3 d5 2.g3 Nf6 3.Bg2 c6 4.O-O Bg4 5.d3 Nbd7 6.Nbd2 e5 7.e4 Bd6 8.h3 Bh5
9.Qe1 O-O 10.Nh4 Re8 11.Nb3 Nc5 12.Nxc5 Bxc5 13.Bg5 dxe4 14.dxe4 h6 15.Bd2 Qb6
16.b4 Bf8 17.a4 Nh7 18.Bf3 Bxf3 19.Nxf3 Qa6 20.Bc3 Ng5 21.Nxg5 hxg5 22.Qe3 Qc4
23.Qd3 Qxd3 24.cxd3 f6 25.Rfd1 Red8 26.Kf1 Kf7 27.Ke2 Rac8 28.Rab1 Rd7 29.Rd2 Ke6
30.Rh1 b5 31.Rb2 Rcd8 32.Rd1 bxa4 33.Ra2 c5 34.bxc5 Bxc5 35.Rxa4 Rc8 36.Bd2 Bb6
37.Be3 Bxe3 38.Kxe3 Rc3 39.h4 gxh4 40.gxh4 Rb3 41.Ra6+ Kf7 42.h5 Rc3  1/2-1/2

[Event "Osteropen"]
[Site "Essen-Borbeck GER"]
[Date "2001.04.14"]
[Round "6"]
[White "Podzielny,KH"]
[Black "Kuczynski,R"]
[Result "1/2-1/2"]
[WhiteElo "2471"]
[BlackElo "2509"]

1.Nf3 d5 2.g3 c6 3.Bg2 Nf6 4.b3 Bg4 5.Bb2 Nbd7 6.O-O e6 7.c4 Bd6 8.d3 O-O
9.Nbd2 Qe7 10.a3 a5 11.h3 Bh5 12.Re1 e5 13.Nh4 Qe6 14.Qc2 Rfe8 15.e4 dxe4
16.dxe4 Bc5 17.Ndf3 Bxf3 18.Nxf3 Nh5 19.Kh2 Qe7 20.Red1 f6 21.Bc3 Nf8 22.Qb2 Bb6
23.b4 axb4 24.axb4 Rxa1 25.Rxa1 c5 26.Rd1 g6 27.Rd5 Rd8 28.Qd2 Rxd5 29.cxd5 Qd6
30.h4 Ng7 31.Bh3 Ne8 32.h5 cxb4 33.Bxb4 Bc5 34.Bc3 b5 35.Kg2 Qe7 36.Nh4 Nd6
37.Qe2 b4 38.Bb2 Bd4 39.Bc1 b3 40.Nf3 b2 41.Bxb2 Bxb2 42.Qxb2 Nxe4  1/2-1/2

[Event "ch-City"]
[Site "St Petersburg RUS"]
[Date "2001.04.14"]
[Round "5"]
[White "Karasev,V"]
[Black "Kashtanov,R"]
[Result "1/2-1/2"]
[WhiteElo "2420"]
[BlackElo "2412"]

1.Nf3 d5 2.g3 Nf6 3.Bg2 c6 4.O-O Bg4 5.h3 Bh5 6.d3 Nbd7 7.Qe1 e5 8.e4 dxe4
9.dxe4 Bc5 10.b4 Bb6 11.Bb2 Bxf3 12.Bxf3 a5 13.c3 Qe7 14.a3 O-O 15.Nd2 Ba7
16.Qe2 Nb6 17.a4 Bb8 18.Nc4 Nxc4 19.Qxc4 Bd6 20.b5 cxb5 21.Qxb5 Bc5 22.Rad1 b6
23.Rd2 Rfd8 24.Rfd1 Rxd2 25.Rxd2 Rd8 26.Rd3 Rxd3 27.Qxd3 Qe8 28.Bd1 Qa8 29.Bc2 Qc8
30.Kg2 Qd7 31.Bc1 Qxd3 32.Bxd3 Ne8 33.f4 f6 34.Kf3 Kf7 35.Bc4+ Kf8 36.h4 Nd6
37.Bd3 Ke7 38.h5 h6 39.g4 exf4 40.Bxf4 Nf7 41.Bc4  1/2-1/2

[Event "Open"]
[Site "Dubai UAE"]
[Date "2001.04.15"]
[Round "1"]
[White "Kunte,A"]
[Black "Al Argha,H"]
[Result "1-0"]
[WhiteElo "2568"]
[BlackElo "2244"]

1.Nf3 d5 2.g3 Nf6 3.Bg2 c5 4.O-O g6 5.c4 Bg7 6.Nc3 d4 7.Na4 Na6 8.d3 O-O
9.a3 Nd7 10.Bd2 Rb8 11.Qc2 b6 12.b4 Bb7 13.Rab1 e5 14.bxc5 Naxc5 15.Nxc5 Nxc5
16.Bb4 Bc6 17.Nd2 Bxg2 18.Kxg2 Qd7 19.Rb2 Rfc8 20.Bxc5 Rxc5 21.a4 f5 22.Rfb1 Rbc8
23.Rb5 Bh6 24.Nb3 Rxb5 25.axb5 Qxb5 26.Nxd4 Qd7 27.Nf3 Qc6 28.Qa2 e4 29.c5+ Kf8
30.dxe4 fxe4 31.Ne5 Qe8 32.cxb6 axb6 33.Qd5 Bg7 34.Nd7+ Ke7 35.Qxe4+ Kd8  1-0

[Event "Open"]
[Site "Dubai UAE"]
[Date "2001.04.15"]
[Round "1"]
[White "Filippov,V"]
[Black "Asylguzhin,R"]
[Result "1-0"]
[WhiteElo "2632"]
[BlackElo "2384"]

1.Nf3 d5 2.g3 Nf6 3.Bg2 e6 4.O-O Be7 5.d4 b5 6.a4 b4 7.c4 bxc3 8.Nxc3 c5
9.dxc5 Bxc5 10.e4 Ba6 11.exd5 Bxf1 12.Qxf1 exd5 13.Bg5 O-O 14.Rd1 Nbd7 15.Nxd5 Qa5
16.Nh4 Rab8 17.b4 Bxb4 18.Bxf6 Nxf6 19.Nxf6+ gxf6 20.Bd5 Qxa4 21.Nf5 Rfe8
22.Rd4 Qc2 23.Qh3 Re1+ 24.Kg2 Bf8 25.Bxf7+ Kxf7 26.Qxh7+  1-0

[Event "Classics IMA"]
[Site "Gausdal NOR"]
[Date "2001.04.15"]
[Round "1"]
[White "Hersvik,D"]
[Black "Lahlum,H"]
[Result "1-0"]
[WhiteElo "2195"]
[BlackElo "2233"]

1.Nf3 d5 2.g3 Nf6 3.Bg2 c6 4.d3 Bg4 5.Bf4 Nbd7 6.Nbd2 h6 7.h3 Bf5 8.g4 Bh7
9.c4 e6 10.O-O Bc5 11.Qc2 Qe7 12.Bg3 O-O 13.Qb3 Bb6 14.Qc3 Rfe8 15.b4 e5
16.c5 Bc7 17.Nh4 Rac8 18.e4 a5 19.a3 b6 20.exd5 Nxd5 21.Bxd5 cxd5 22.c6 axb4
23.axb4 Bd6 24.Rac1 Nf8 25.b5 Ne6 26.Ndf3 e4 27.dxe4 dxe4 28.Bxd6 Qxd6 29.Rfd1 Qf4
30.Nd4 Nxd4 31.Qxd4 Qg5 32.Ng2 Qxb5 33.c7 Qb3 34.Rc3 Qe6 35.Nf4 Qe5 36.Qxe5 Rxe5
37.Rd8+  1-0

[Event "Classics IMA"]
[Site "Gausdal NOR"]
[Date "2001.04.15"]
[Round "1"]
[White "Hole,O"]
[Black "Kvisvik,B"]
[Result "1/2-1/2"]
[WhiteElo "2245"]
[BlackElo "2106"]

1.Nf3 d5 2.g3 Nf6 3.Bg2 Bg4 4.d3 Nbd7 5.Nbd2 e5 6.h3 Bh5 7.O-O Bc5 8.e4 dxe4
9.dxe4 O-O 10.Qe1 c6 11.Nc4 Re8 12.b4 Bxf3 13.Bxf3 Bf8 14.a4 Nb6 15.Nxb6 Qxb6
16.c3 c5 17.b5 a5  1/2-1/2

[Event "ch-CUB"]
[Site "Las Tunas CUB"]
[Date "2001.04.15"]
[Round "13"]
[White "Quesada,R"]
[Black "Abreu,A"]
[Result "1-0"]
[WhiteElo "2244"]
[BlackElo "2480"]

1.Nf3 d5 2.g3 Nf6 3.Bg2 c6 4.O-O Bg4 5.d3 Nbd7 6.Nbd2 e6 7.e4 dxe4 8.dxe4 Ne5
9.Qe1 Nxf3+ 10.Nxf3 Be7 11.Ne5 Qd4 12.Nxg4 Nxg4 13.Qe2 Ne5 14.Rd1 Qc4 15.Bf1 Qxe2
16.Bxe2 Bc5 17.Kg2 Ke7 18.b4 Bb6 19.f4 Nd7 20.a4 e5 21.a5 Bc7 22.Kf3 Rhd8
23.Be3 a6 24.Bf1 exf4 25.gxf4 g5 26.fxg5 Bxh2 27.c4 Bd6 28.c5 Bc7 29.Be2 Ne5+
30.Kf2 Ng6 31.Rh1 Rh8 32.Rad1 Bf4 33.Bg4 Bxe3+ 34.Kxe3 Nf8 35.Rd6 Rg8 36.Kf4 Ng6+
37.Kf5 Nf8 38.Rhh6 Ne6 39.Rdxe6+ fxe6+ 40.Rxe6+ Kd7 41.Rh6 Raf8+ 42.Ke5+ Ke8
43.Rxh7 Rxg5+ 44.Bf5 Rf7 45.Rxf7 Kxf7 46.Kd6 Rg2 47.Bc8 Rd2+ 48.Kc7 Rd4 49.Bxb7 Rxb4
50.Bxa6 Ra4 51.Kb6 Ke6 52.Bb7 Rxe4 53.a6 Rb4+ 54.Kxc6 Ra4 55.Kb6 Rb4+ 56.Ka5 Rb1
57.a7 Ra1+ 58.Kb6  1-0

[Event "Osteropen"]
[Site "Essen-Borbeck GER"]
[Date "2001.04.16"]
[Round "9"]
[White "Podzielny,KH"]
[Black "Zaragatski,I"]
[Result "1-0"]
[WhiteElo "2471"]
[BlackElo "2209"]

1.Nf3 d5 2.g3 Nf6 3.Bg2 c6 4.O-O Bg4 5.b3 Nbd7 6.c4 e5 7.d3 Bd6 8.Bb2 O-O
9.a3 a5 10.cxd5 cxd5 11.Nc3 Qb6 12.h3 Be6 13.a4 e4 14.dxe4 dxe4 15.Nd4 Nc5
16.Nxe6 fxe6 17.e3 Be5 18.Rb1 Qxb3 19.Nxe4 Nfxe4 20.Bxe5 Qxd1 21.Rbxd1 Rad8
22.Rxd8 Rxd8 23.Bd4 b6 24.Rb1 Rd6 25.g4 Nd2 26.Bxc5 bxc5 27.Rb5 c4 28.Rxa5 Rb6
29.Rc5 Rb1+ 30.Kh2 Ra1 31.a5 Ra4 32.Bb7 c3 33.Rxc3 Rxa5 34.Rd3 Nc4 35.Rd4 Rc5
36.Be4 Rc8 37.g5 Ne5 38.Kg3 Rf8 39.h4 Re8 40.Ra4 Rf8 41.Ra6 Re8 42.Bb1 g6
43.Ba2 Kf7 44.Rd6 Re7 45.Kf4 Nd7 46.Bxe6+ Rxe6 47.Rxd7+ Kg8 48.e4  1-0

[Event "Osteropen"]
[Site "Essen-Borbeck GER"]
[Date "2001.04.16"]
[Round "9"]
[White "Schebler,G"]
[Black "Schlange,S"]
[Result "1-0"]
[WhiteElo "2500"]
[BlackElo "2236"]

1.Nf3 d5 2.g3 c5 3.Bg2 Nc6 4.d4 e6 5.O-O Nf6 6.c4 dxc4 7.Ne5 Nxe5 8.dxe5 Qxd1
9.Rxd1 Nd5 10.Na3 Bd7 11.Nxc4 Bb5 12.Nd6+ Bxd6 13.exd6 Bc6 14.e4 Nf6 15.Bg5 O-O
16.Rac1 Nd7 17.Be7 Rfc8 18.f4 b5 19.Kf2 f6 20.Ke3 a5 21.g4 Kf7 22.Bf1 a4
23.Be2 c4 24.a3 Nc5 25.e5 Ra7 26.exf6 gxf6 27.g5 Rxe7 28.dxe7 Kxe7 29.h4 fxg5
30.fxg5 Be4 31.Rg1 Bd3 32.Bg4 Rb8 33.Rce1 b4 34.axb4 Rxb4 35.Rg2 Rb3 36.Kd4 Kd6
37.Bd1 a3 38.Bxb3 Nxb3+ 39.Kc3 a2 40.Rgg1 Ke7 41.Ra1 Nxa1 42.Rxa1 Kf8 43.Rxa2 Be4
44.Ra4 Bd5 45.Rxc4 Bxc4 46.Kxc4  1-0

[Event "Open"]
[Site "Dubai UAE"]
[Date "2001.04.17"]
[Round "3"]
[White "Sale,S"]
[Black "Mahmoody,M"]
[Result "1-0"]
[WhiteElo "2378"]
[BlackElo "2220"]

1.Nf3 d5 2.g3 c6 3.Bg2 Nf6 4.O-O Bf5 5.d3 h6 6.c4 dxc4 7.dxc4 Qxd1 8.Rxd1 Nbd7
9.Nc3 e5 10.b3 Bb4 11.Bb2 Bc2 12.Rdc1 Bh7 13.a3 Bd6 14.b4 O-O 15.c5 Bc7 16.Nd2 a5
17.Nc4 e4 18.Kf1 Rfd8 19.Bh3 Ne5 20.Ne3 Nfd7 21.Rd1 Nf8 22.Na4 g6 23.Nb6 Ra6
24.Nbc4 Nxc4 25.Nxc4 f5 26.Ke1 axb4 27.axb4 Rda8 28.Rxa6 Rxa6 29.Bf1 Ra2
30.e3 Kf7 31.Nd6+ Ke7 32.Be5 Ne6 33.Nc8+ Ke8 34.Bxc7 Nxc7 35.Nd6+ Ke7 36.Nc8+ Ke8
37.Bc4 Rb2 38.Nb6 Rxb4 39.Rd7 Rxb6 40.Rxc7 Rb1+ 41.Kd2 Bg8 42.Bxg8 Rb5 43.Be6 Kd8
44.Rg7 Rxc5 45.Rd7+ Ke8 46.Rxb7 g5 47.h3 Ra5 48.Rh7 h5 49.h4 gxh4 50.gxh4 Rb5
51.Rxh5 Ke7 52.Bxf5 Kf6 53.Bg4 Rb2+ 54.Ke1 Rc2 55.Rf5+ Kg6 56.h5+ Kg7 57.Rg5+ Kh7
58.Rg6 Rc5 59.Bf5  1-0

[Event "Open"]
[Site "Dubai UAE"]
[Date "2001.04.17"]
[Round "3"]
[White "Dizdar,G"]
[Black "Sveshnikov,E"]
[Result "1/2-1/2"]
[WhiteElo "2533"]
[BlackElo "2571"]

1.Nf3 d5 2.g3 Nf6 3.Bg2 c6 4.O-O Bf5 5.d3 e6 6.c4 dxc4 7.dxc4 Qxd1 8.Rxd1 Nbd7
9.Nc3 Bc5 10.h3 h6 11.Nd4 Bh7 12.Na4 Be7 13.Be3 Be4 14.Nb3 Bxg2 15.Kxg2 b6
16.Rac1 c5 17.Nc3 O-O-O 18.Nd2 Ne5 19.b3 Nc6 20.Nf3 Rxd1 21.Rxd1 Rd8 22.Rxd8+ Bxd8
23.Ne1 Ne8 24.Nd3 f5 25.Bd2 Bf6 26.g4 Kd7  1/2-1/2

[Event "Classics IMB"]
[Site "Gausdal NOR"]
[Date "2001.04.17"]
[Round "3"]
[White "Badea,B"]
[Black "Leer Salvesen,B"]
[Result "1-0"]
[WhiteElo "2492"]
[BlackElo "2306"]

1.Nf3 d5 2.g3 c6 3.Bg2 Bg4 4.c4 e6 5.cxd5 exd5 6.O-O Nf6 7.d3 Bc5 8.h3 Bf5
9.Qc2 Qe7 10.Nh4 Be6 11.e4 dxe4 12.dxe4 Nbd7 13.Nc3 O-O 14.Na4 Bb6 15.Kh2 Ne8
16.Nf3 Nc5 17.Nxb6 axb6 18.Be3 Nc7 19.Nd4 Rfd8 20.a3 Nd7 21.Rfd1 b5 22.Bf4 Ne8
23.Nxe6 Qxe6 24.Rd4 Nb6 25.Rad1 Rxd4 26.Rxd4 Ra4 27.Rd8 Ra8 28.Rxa8 Nxa8
29.Qc5 Nac7 30.h4 Qd7 31.Bh3 Ne6 32.Qa7 h6 33.Qb8 Kh7 34.Be5 Qe7 35.Bc3 Nd6
36.f3 Qd8 37.Qa7 Qd7 38.h5 Kg8 39.Bb4 Nc4 40.Qb8+ Qd8 41.Qxb7 Nd4 42.f4 Nxb2
43.Bg2 Nd3 44.Bc3 Nf2 45.Bxd4 Qxd4 46.Qc8+ Kh7 47.Qf5+ Kg8 48.e5 c5 49.e6 fxe6
50.Qxe6+ Kh7 51.Bf3 Qf6 52.Qe2 Qd4 53.Kg2 Qd3  1-0

[Event "Israel Open Ch"]
[Site "Tel Aviv ISR"]
[Date "2001.04.17"]
[Round "9"]
[White "Yezersky,V"]
[Black "Rabinovich,Al"]
[Result "0-1"]
[WhiteElo "2271"]
[BlackElo "2433"]

1.Nf3 d5 2.g3 Bg4 3.Bg2 Nd7 4.d3 e6 5.O-O Bc5 6.Re1 Ne7 7.Nbd2 O-O 8.d4 Bb6
9.c3 a5 10.e4 a4 11.Qe2 Re8 12.Rd1 Qb8 13.Nf1 e5 14.h3 dxe4 15.hxg4 exf3
16.Qxf3 c6 17.Ne3 exd4 18.cxd4 Qa7 19.Nc2 Nf8 20.Bf1 Rad8 21.Bc4 Nd5 22.Bg5 Rd7
23.Kg2 Ne6 24.Be3 Red8 25.a3 Nxe3+ 26.fxe3 Ng5 27.Qf5 h6 28.Rh1 Rd6 29.Rhf1 Rf8
30.Rad1 Qb8 31.Nb4 Bc7 32.Qc2 Rdd8 33.e4 Bxg3 34.e5 Bxe5 35.dxe5 Qxe5 36.Rde1 Qd4
37.Qe2 c5 38.Nc2 Qxb2 39.Rb1 Qc3 40.Rf2 Rfe8 41.Qf1 Ne4  0-1

[Event "ch-City"]
[Site "St Petersburg RUS"]
[Date "2001.04.18"]
[Round "8"]
[White "Loginov,Va"]
[Black "Ivanov,Se"]
[Result "0-1"]
[WhiteElo "2499"]
[BlackElo "2547"]

1.Nf3 d5 2.g3 c6 3.Bg2 Bg4 4.c4 e6 5.O-O Nd7 6.cxd5 exd5 7.d3 Ngf6 8.Nc3 Bd6
9.e4 dxe4 10.dxe4 Ne5 11.Bf4 Nxf3+ 12.Bxf3 Bxf4 13.Bxg4 Be5 14.Bh3 O-O 15.Qc2 Qe7
16.Rfe1 Rad8 17.Re2 Qc5 18.Kh1 Bd4 19.f3 g6 20.Rae1 Rfe8 21.Nd1 Kg7 22.Nf2 Bxf2
23.Rxf2 Qa5 24.Ra1 Rd4 25.Qc3 Qxc3 26.bxc3 Rd3 27.Rc1 Red8 28.Rcc2 Nd7 29.Bf1 Rd1
30.Rcd2 Ne5 31.Rxd8 Rxd8 32.Kg2 Rd1 33.Rb2 b6 34.Be2 Rc1 35.f4 Nd7 36.Rd2 Nc5
37.e5 Rxc3 38.Bf3 Rd3 39.Rc2 Ne6 40.Be4 Ra3 41.Bxc6 Nd4 42.Rc4 Rxa2+ 43.Kh3 Rd2
44.Bb7 Ne6 45.g4 Rd4 46.Rxd4 Nxd4 47.Ba6 b5 48.Kg3 b4 49.Kf2 b3 50.Ke3 b2
51.Bd3 Nb5  0-1

[Event "Open"]
[Site "Dubai UAE"]
[Date "2001.04.19"]
[Round "5"]
[White "Pigusov,E"]
[Black "Pavasovic,D"]
[Result "1/2-1/2"]
[WhiteElo "2584"]
[BlackElo "2515"]

1.Nf3 d5 2.g3 Bg4 3.Bg2 Nd7 4.d3 c6 5.O-O Ngf6 6.h3 Bh5 7.c4 e6 8.Be3 Bd6
9.Qb3 Qb8 10.Nc3 O-O 11.Rac1 Bxf3 12.exf3 Bc5 13.Ne2 a5 14.f4 Qa7 15.Bd2 Rfd8
16.Qc2 Rac8 17.Bc3 dxc4 18.dxc4 Bb4 19.Bd4 Bc5 20.Bc3 Bb4 21.Bd4  1/2-1/2

[Event "Classics IMB"]
[Site "Gausdal NOR"]
[Date "2001.04.19"]
[Round "5"]
[White "Badea,B"]
[Black "Westerinen,H"]
[Result "1-0"]
[WhiteElo "2492"]
[BlackElo "2412"]

1.Nf3 d5 2.g3 c6 3.Bg2 Bf5 4.d3 Nf6 5.O-O e6 6.Nc3 Bc5 7.Qe1 Nbd7 8.e4 dxe4
9.dxe4 Bg6 10.Nh4 Qc7 11.Na4 O-O-O 12.Nxc5 Nxc5 13.f3 e5 14.Be3 Ne6 15.Qf2 Nd7
16.c3 Rhe8 17.Rfd1 Nb6 18.b3 Rxd1+ 19.Rxd1 Rd8 20.Rc1 Kb8 21.Bh3 Nc8 22.b4 Qd6
23.a4 Ka8 24.Nf5 Bxf5 25.exf5 Nc7 26.f4 f6 27.fxe5 Qxe5 28.Bf4 Qe7 29.c4 Na6
30.b5 Nb4 31.Bf1 Qe4 32.a5 Nd3 33.Bxd3 Rxd3 34.a6 bxa6 35.bxa6 Qd4 36.Qxd4 Rxd4
37.Re1 Rd8 38.c5 g5 39.fxg6 hxg6 40.g4 g5 41.Bg3 Rf8 42.Re6 Rd8 43.Kf2 Rf8
44.Kg2 Rd8 45.Kf3 Rd3+ 46.Ke4 Rd7 47.Rxf6 Rd8 48.Re6 Re8 49.Re5 Rg8 50.Be1 Kb8
51.Bd2 Kc7 52.Rxg5 Re8+ 53.Kf3 Kd7 54.h4 Ne7 55.h5 Rf8+ 56.Kg2 Rb8 57.Bc3 Nd5
58.Rxd5+ cxd5  1-0

[Event "GMB"]
[Site "Dos Hermanas ESP"]
[Date "2001.04.20"]
[Round "2"]
[White "Campora,D"]
[Black "Rivas Pastor,M"]
[Result "1/2-1/2"]
[WhiteElo "2503"]
[BlackElo "2429"]

1.Nf3 d5 2.g3 c6 3.Bg2 Bg4 4.O-O Nf6 5.d3 e6 6.c4 Nbd7 7.Nc3 Be7 8.cxd5 exd5
9.h3 Bxf3 10.Bxf3 d4 11.Ne4 O-O  1/2-1/2

[Event "GMA"]
[Site "Dos Hermanas ESP"]
[Date "2001.04.21"]
[Round "3"]
[White "Krasenkow,M"]
[Black "Vallejo Pons,F"]
[Result "1/2-1/2"]
[WhiteElo "2655"]
[BlackElo "2559"]

1.Nf3 d5 2.g3 c6 3.Bg2 Bg4 4.c4 e6 5.cxd5 Bxf3 6.Bxf3 cxd5 7.O-O Nc6 8.d3 Nf6
9.Be3 Bd6 10.Qb3 Qd7 11.Nc3 O-O 12.Rfc1 Rfc8 13.Nb5 Be5 14.d4 Bb8 15.Qd1 h6
16.a3 a6 17.Nc3 b5 18.Na2 Bd6 19.Qd2 Qd8 20.Bf4 Bxf4 21.Qxf4  1/2-1/2

[Event "ch-URU"]
[Site "Montevideo URU"]
[Date "2001.04.21"]
[Round "1"]
[White "Izquierdo,D"]
[Black "Curi,G"]
[Result "1/2-1/2"]
[WhiteElo "2288"]
[BlackElo "2312"]

1.Nf3 d5 2.g3 Bg4 3.Bg2 c6 4.Ne5 Bf5 5.c4 Nd7 6.Nxd7 Qxd7 7.cxd5 cxd5 8.Nc3 Nf6
9.Qa4 Qxa4 10.Nxa4 e6 11.d3 Rc8 12.O-O Bd6 13.Be3 b6 14.Rfc1 Rxc1+ 15.Rxc1 Kd7
16.Nc3 Rc8 17.Nb5 Rxc1+ 18.Bxc1 Bb8 19.b3 h6 20.f3 e5 21.e4 dxe4 22.dxe4 Be6
23.Bf1 Kc6 24.Ba3 a6 25.Nc3 b5 26.Kf2 Ba7+ 27.Kg2 Bd4 28.Ne2 Bc5 29.Bb2 Nd7
30.Nc1 Bd6 31.Nd3 f6 32.f4 Nc5 33.Kf3 Nxd3 34.Bxd3 g5 35.f5  1/2-1/2

[Event "Astral Open"]
[Site "Bucharest ROM"]
[Date "2001.04.22"]
[Round "1"]
[White "Boteanu,J"]
[Black "Vajda,L"]
[Result "0-1"]
[WhiteElo "2105"]
[BlackElo "2446"]

1.Nf3 d5 2.g3 Nc6 3.Bg2 e5 4.d3 h6 5.O-O Be6 6.Nbd2 Qd7 7.c4 d4 8.a3 a5 9.Re1 Nf6
10.Qc2 Be7 11.b3 O-O 12.Bb2 Bh3 13.Bh1 Ng4 14.Bg2 Bxg2 15.Kxg2 f5 16.h3 Nf6
17.Nf1 e4 18.Nh4 Bc5 19.dxe4 fxe4 20.Ng6 Rf7 21.f3 Qf5  0-1

[Event "Open"]
[Site "Crans Montana SUI"]
[Date "2001.04.22"]
[Round "7"]
[White "Miles,A"]
[Black "Sokolov,And"]
[Result "1/2-1/2"]
[WhiteElo "2562"]
[BlackElo "2568"]

1.g3 d5 2.Nf3 Nf6 3.Bg2 c5 4.O-O Nc6 5.d4 e6 6.c4 dxc4 7.dxc5 Bxc5 8.Qxd8+ Kxd8
9.Nbd2 Ke7 10.Nxc4 Nd5 11.a3 b5 12.Nce5 Nxe5 13.Nxe5 Bb7 14.Nd3 Rhc8 15.Bd2 Bd4
16.Rfc1 Rxc1+ 17.Rxc1 Rc8 18.Rxc8 Bxc8 19.e3 Bb6 20.e4 Nc7 21.Bb4+ Kd7 22.Kf1 a5
23.Bc3 f6 24.e5 Ke7 25.Nf4 Bd7 26.h4 fxe5 27.Bxe5 Ne8 28.h5 Bc7 29.Nd3 Bxe5
30.Nxe5 Nf6 31.g4 b4 32.axb4 Bb5+ 33.Ke1 axb4 34.f4  1/2-1/2

[Event "Open"]
[Site "Dubai UAE"]
[Date "2001.04.22"]
[Round "7"]
[White "Pigusov,E"]
[Black "Ghane,S"]
[Result "1-0"]
[WhiteElo "2584"]
[BlackElo "2465"]

1.Nf3 d5 2.g3 Bg4 3.Bg2 Nd7 4.d3 e6 5.O-O Bc5 6.Nbd2 Ne7 7.b3 Ng6 8.c4 Qf6
9.Rb1 Qf5 10.b4 Bd6 11.Qb3 Nf6 12.Bb2 O-O 13.cxd5 exd5 14.Bxf6 gxf6 15.Nd4 Qg5
16.e3 c6 17.Qc3 h5 18.b5 c5 19.N4f3 Qh6 20.Qxf6 Be7 21.Qc3 h4 22.d4 b6 23.Ne5 Nxe5
24.dxe5 hxg3 25.hxg3 Rad8 26.e4 d4 27.Qd3 Qh5 28.Nc4 Be2 29.Qb3 Kg7 30.Rfe1 Rh8
31.Rxe2 Qxe2 32.Bf3 Rh1+ 33.Bxh1 d3 34.Qd1 Qxa2 35.Ne3 c4 36.Ra1 Qb2 37.Nxc4 Qxb5
38.Ne3 Qxe5 39.Rxa7 Bf6 40.Nf5+ Kf8 41.Qh5 Qa1+ 42.Rxa1  1-0

[Event "Tch-NED"]
[Site "NED"]
[Date "2001.04.22"]
[Round "9"]
[White "Carlier,B"]
[Black "Besseling,M"]
[Result "1/2-1/2"]
[WhiteElo "2392"]
[BlackElo "2203"]

1.Nf3 d5 2.g3 Nf6 3.Bg2 c6 4.O-O Bg4 5.d4 Nbd7 6.Nbd2 e6 7.Re1 Be7 8.e4 dxe4
9.Nxe4 Nxe4 10.Rxe4 Nf6 11.Re1 O-O 12.c3 Qb6 13.Qb3 Qxb3 14.axb3 h6 15.Ne5 Bf5
16.b4 a6 17.Nc4 Rad8 18.h3 Nd5 19.Na5 Rd7 20.Nb3 Bd6 21.Nc5 Re7 22.f4 h5
23.Bd2 Rfe8 24.c4 Bxc5 25.bxc5 Nf6 26.Re3 Rd7 27.Bc3 Red8 28.b3 Kf8 29.Ra2 Rxd4
30.Bxd4 Rxd4 31.Rb2 Nd7 32.Bf3 Bxh3 33.Bxh5 Bf5 34.Be2 Nxc5 35.Kf2 Be4 36.b4 Nd7
37.Ra3 f5 38.Ke3 Rd6 39.c5 Rd5 40.Bc4 Rd1 41.Bxe6 Nf6 42.Re2 Rg1 43.Kf2 Rg2+
44.Ke1  1/2-1/2

[Event "Open"]
[Site "Dubai UAE"]
[Date "2001.04.23"]
[Round "8"]
[White "Arkhipov,S"]
[Black "Alibaev,A"]
[Result "0-1"]
[WhiteElo "2531"]
[BlackElo "2287"]

1.Nf3 d5 2.g3 g6 3.Bg2 Bg7 4.c4 c6 5.O-O e5 6.cxd5 cxd5 7.Nc3 Ne7 8.d3 O-O
9.Bd2 Nbc6 10.Rc1 h6 11.a3 f5 12.Ne1 Kh7 13.b4 e4 14.b5 Ne5 15.Na4 a6 16.bxa6 Rxa6
17.Qb3 N7c6 18.Nc2 Na5 19.Qa2 exd3 20.exd3 Nxd3 21.Rcd1 Nc4 22.Bc3 Bxc3 23.Nxc3 Ncb2
24.Rb1 Qc7 25.Qb3 Be6 26.Nd4 Rc8 27.Nxe6 Rxe6 28.Nxd5 Qg7 29.Nb6 Rce8 30.Nc4 Re2
31.Nxb2 Nxb2 32.Qxb7 R8e7 33.Qf3 Qd4 34.Qf4 Qe5 35.Bf3 Nd3 36.Qc4 Rd2 37.Rb5 Qg7
38.Bg2 f4 39.gxf4 Ne1  0-1

[Event "2nd ch-EUR Women"]
[Site "Warsaw POL"]
[Date "2001.04.23"]
[Round "2"]
[White "Fatalibekova,E"]
[Black "Sedina,E"]
[Result "0-1"]
[WhiteElo "2284"]
[BlackElo "2393"]

1.Nf3 d5 2.g3 c6 3.Bg2 Bg4 4.c4 e6 5.O-O Nf6 6.Qb3 Qb6 7.d4 Nbd7 8.Nc3 Be7
9.c5 Qa6 10.Qd1 b6 11.cxb6 axb6 12.Ne5 Nxe5 13.dxe5 Nd7 14.f3 Bf5 15.g4 Bg6
16.f4 f5 17.exf6 Bxf6 18.e4 Bxc3 19.bxc3 Bxe4 20.Bxe4 dxe4 21.Qd6 Qc4 22.Ba3 O-O-O
23.Rad1 Nb8 24.Qe5 c5 25.Rxd8+ Rxd8 26.Qxg7 Nc6 27.Bc1 Qe2 28.Qxh7 Qxg4+
29.Kh1 Rd1 30.Rxd1 Qxd1+ 31.Kg2 Qc2+ 32.Kg3 Qxc3+ 33.Kg4 Qxc1 34.Qxe4 Qg1+
35.Kf3 Kd7 36.Qh7+ Ne7 37.Qd3+ Nd5  0-1

[Event "Astral Open"]
[Site "Bucharest ROM"]
[Date "2001.04.24"]
[Round "4"]
[White "Sofronie,I"]
[Black "Svetushkin,D"]
[Result "1/2-1/2"]
[WhiteElo "2405"]
[BlackElo "2481"]

1.Nf3 d5 2.g3 Nf6 3.Bg2 Bg4 4.d4 c6 5.Nbd2 e6 6.O-O Be7 7.Ne5 Bf5 8.c3 Nbd7
9.Nxd7 Qxd7 10.Nf3 Qd8 11.Ne5 Nd7 12.Nxd7 Qxd7 13.f3 O-O 14.e4 Bg6 15.Be3 Rac8
16.Qd2 Rfe8 17.Rad1 Qc7 18.Qf2 b5  1/2-1/2

[Event "2nd ch-EUR Women"]
[Site "Warsaw POL"]
[Date "2001.04.24"]
[Round "3"]
[White "Foisor,C"]
[Black "Petrenko,S"]
[Result "1/2-1/2"]
[WhiteElo "2408"]
[BlackElo "2336"]

1.Nf3 d5 2.g3 Nf6 3.Bg2 c6 4.d3 Bf5 5.O-O h6 6.Nbd2 Nbd7 7.c4 e5 8.cxd5 cxd5
9.Qa4 Bd6 10.e4 Be6 11.exd5 Bxd5 12.Nc4 Bxc4 13.dxc4 O-O 14.Nh4 Qc7 15.Be3 Nb6
16.Bxb6 Qxb6 17.Qb5 Qxb5 18.cxb5 e4 19.Rfe1 Rfe8 20.Nf5 Bb4 21.Re2 Re5 22.Nd4 Rd8
23.Nc2 Rxb5 24.Bxe4 Nxe4 25.Rxe4 Bc5 26.b4 Rd2 27.bxc5 Rxc2 28.Re8+ Kh7 29.Re7 Kg6
30.Rd1 Rbb2 31.Rd6+ f6 32.Rdd7 Rxf2 33.Rxg7+ Kf5 34.Rxb7 Rg2+ 35.Kf1 Rbf2+
36.Ke1 Rxa2 37.g4+ Kf4 38.Rb4+ Ke5 39.Kf1 Rxh2 40.Kg1 Rhc2 41.Rb1 Rxc5 42.Rg6 Rcc2
43.Rxh6 Rg2+ 44.Kh1 Rge2 45.Rg1 a5 46.g5 fxg5 47.Rxg5+ Kf4 48.Rg1 a4 49.Rh4+ Ke3
50.Rg3+ Kd2 51.Rd4+ Ke1 52.Rg1+ Kf2 53.Rdg4 a3 54.R4g3 Rab2  1/2-1/2

[Event "Masters"]
[Site "Besancon FRA"]
[Date "2001.04.25"]
[Round "5"]
[White "Claverie,C"]
[Black "Costa,JL"]
[Result "1-0"]
[WhiteElo "2358"]
[BlackElo "2359"]

1.Nf3 d5 2.g3 Nf6 3.Bg2 c6 4.O-O Bg4 5.d3 Qc8 6.Nbd2 Bh3 7.e4 Bxg2 8.Kxg2 e6
9.Qe2 Be7 10.Re1 Qc7 11.Nf1 Nbd7 12.Bf4 Qb6 13.e5 Ng8 14.c4 a5 15.cxd5 cxd5
16.Rec1 Bd8 17.h4 Ne7 18.h5 h6 19.Rc2 Nc6 20.Ne3 Be7 21.a3 Nc5 22.Rd1 Nb3
23.d4 Nbxd4 24.Nxd4 Nxd4 25.Rxd4 Qxd4 26.Qb5+ Kf8 27.Qxb7 Re8 28.Rc8 g5 29.hxg6 Qe4+
30.f3 Qa4 31.b3 Qxa3 32.Rxe8+ Kxe8 33.g7 Rg8 34.Qc8+ Bd8 35.Ng4  1-0

[Event "Zone 3.2a"]
[Site "Manila PHI"]
[Date "2001.04.25"]
[Round "2"]
[White "Paragua,M"]
[Black "Torre,E"]
[Result "1/2-1/2"]
[WhiteElo "2454"]
[BlackElo "2546"]

1.Nf3 d5 2.g3 c6 3.Bg2 Bg4 4.O-O Nd7 5.d3 e5 6.Nbd2 Ngf6 7.h3 Bh5 8.e4 dxe4
9.dxe4 Be7 10.a4 O-O 11.Qe2 Qc7 12.b3 Nc5 13.Bb2 Nfd7 14.Nc4 f6 15.Rfd1 Rfd8
16.Ne3 Ne6 17.h4 Ndc5 18.Bh3 a5 19.Bg4 Bf7 20.Nc4 Rxd1+ 21.Rxd1 Rd8 22.Rxd8+ Qxd8
23.Kg2 Nd4 24.Nxd4 exd4 25.Qd2 Bxc4 26.bxc4 Nxe4 27.Qxd4 Qxd4 28.Bxd4 Bc5
29.Bf5 Bxd4 30.Bxe4 g6 31.g4 Kf7 32.f4 Be3 33.Kf3 Bd2 34.h5 Kg7 35.hxg6 hxg6
36.Bd3 Kf7 37.Be4 g5 38.fxg5 Bxg5 39.Bf5 Ke7 40.Ke4 Bh4 41.Kd3 Be1 42.c5  1/2-1/2

[Event "7th"]
[Site "Cutro ITA"]
[Date "2001.04.26"]
[Round "5"]
[White "Aleksic,Nen1"]
[Black "Pegorari,P"]
[Result "1/2-1/2"]
[WhiteElo "2417"]
[BlackElo "2380"]

1.Nf3 d5 2.g3 Nf6 3.Bg2 c5 4.O-O Nc6 5.b3 e5 6.Bb2 Bd6 7.c4 d4 8.e3 O-O 9.exd4 cxd4
10.d3 h6 11.Re1 Bf5 12.a3 a5 13.Qc2 Nd7 14.Nbd2 Nc5 15.Ne4 Bxe4 16.dxe4 Qb6
17.Nd2  1/2-1/2